Русь и кочевники - Statistics

General Stats
  • This quiz has been taken 13 times
    4 since last reset
  • The average score is 42 of 85
Answer Stats
Описание Имя % Correct
Битва на Пьяне 1377
100%
Битва под Алексиным 1472
100%
Половецкий хан, дед Кончака. Разгромил русских в битве на р. Альте в 1068 году. В 1107 году вместе с ханом Боняком совершил набег на Русь в районе Переяславля. Шарукан
67%
Половецкий хан, известный соперник Игоря Святославича, участник битвы на Каяле (1185) Кончак
67%
Основатель династии Чингизидов Чингисхан
67%
Хан Золотой орды, сын Джучи, внук Чингисхана, завоеватель Руси,
совершивший поход 1237-1243
Батый
67%
Хан Золотой орды, сын хана Менгу-Тимура. Воцарился при поддержке Ногая, свергнув
хана Тула-Бугу. По его поручению была совершена Дюденева рать.
Тохта
67%
Хан Золотой орды, племянник хана Тохты. Сделал ислам главной религией в Золотой Орде. Покровитель Москвы в борьбе с Тверью. Узбек
67%
Ордынский царевич, отправленный в Тверь. Был убит в ходе восстания из-за попытки его подчиненного отнять коня у дьякона. Щелкан
67%
Последний ордынский правитель, в политической зависимости от которого находились московские князья, участник стояния на Угре Ахмат
67%
Князь Торопецкий и Новгородский, выживший участник битвы на Калке. Получил прозвище "Удатный". (Имя, отчество) Мстислав Мстиславич
67%
Великий князь Владимирский, погибшийв ходе битвы на р. Сити. Юрий Всеволодович
67%
Князь Серпуховской, командир Засадного полка (Имя, отчество). Владимир Андреевич
67%
Тверской князь, победивший в Бортеневской битве. Убит в Орде за смерть сестры хана Узбека в плену. Михаил Ярославич
67%
Сестра хана Узбека, погибшая в пленуу тверского князя после Бортеневской битвы. Кончака
67%
Черниговский князь, убитый в ордев 1246 году за отказ выполнения монгольского обряда перед ханом (Имя, отчество). Михаил Всеволодович
67%
Единственный город взятый Тамерланомво время похода на Русь. Елец
67%
Столица Монгольской империи в 1235-1260 годах. Каракорум
67%
Первая столица Золотой Орды Сарай-Бату
67%
Собор построенный в честь спасенияКиева от печенегов (название вместе с городом). София Киевская
67%
Монастырь основанный в честь исцеления вдовы хана Узбека. Чудов монастырь
67%
Памятник литературы Древней Руси,описывающий неудачный поход во главе с Игорем Святославичем на половцев. Слово о полку Игореве
67%
Памятник древнерусской литературы конца XIV-начала XV веков. Структура текста явно заимствована из произведения посвященного походу Игоря Святославича на половцев. Задонщина
67%
Осада Киева печенегами (Ярослав Владимирович) 1036
67%
Битва на Альте 1068
67%
Битва на Стугне 1093
67%
Битва на Суле 1107
67%
Битва на Сальнице 1111
67%
Битва на Калке 1223
67%
Поход Батыя на Русь (оба этапа) 1237-1241
67%
Битва на Сити 1238
67%
Неврюева рать 1252
67%
Бурундаева рать 1258
67%
Новгородская перепись населениямонголами 1259
67%
Дюденева рать 1293
67%
Бортеневская битва 1317
67%
Федорчукова рать 1327
67%
Битва на Воже 1378
67%
Куликовская битва 1380
67%
Разорение Москвы Тохтамышем 1382
67%
Битва на Ворскле 1399
67%
Битва под Суздалем 1445
67%
Битва при Молодях 1572
67%
Осада Киева печенегами(Святослав Игоревич) 968
67%
Князь Переяславский, Смоленский, Черниговский и Киевский, участник многочисленных сражений с половцами (Имя, отчество) Владимир Всеволодович Мономах
67%
Воевода Дмитрия Ивановича, командир засадного полка в битве на Куликовском поле. Дмитрий Михайлович Боброк Волынский
67%
Тверской князь, отомстивший за своегоотца, убив в Орде Юрия Всеволодовича, получивший за это специфичное прозвище (Имя, отчество) Дмитрий МихайловичГрозные Очи
67%
Шестой сын Хаджи Герая, заключивший союз с Иваном III в 1480 году.
Совершал множество пограничных походов на Литву и Русь.
Менгли I Гирей
67%
Печенежский хан X века, убивший Святослава Игоревича Куря
33%
Половецкий хан, ближайший соратник Боняка. Вместе с Боняком объединил под своей властью несколько западных половецких орд. Тугоркан
33%
Половецкий хан, участник битвы на Левунионе (1091), на Суле (1107), упоминается в "Поучении Мономаха", Боняк
33%
Настоящее имя Чингисхана Темуджин
33%
Монгольский темник, один из лучших полководцев своего времени, участник битвы на Калке. Погиб спустя год. Джэбэ
33%
Монгольский полководец, соратник Чингисхана. Главный военный стратег Чингисхана и Угэдэя. Участник битвы на Калке, походов Батыя на Русь. Субэдэй
33%
Третий сын Чингисхана, завершивший постройку Каракорума, завоеватель Армении, Грузии, Азербайджана. Угэдэй
33%
Беклярбек, участник битвы на Куликовском поле 1380 года. Мамай
33%
Хан Золотой Орды, Тюменский хан, свергнувший Мамая.
Был разгромлен Тимуром Тамерланом.
Тохтамыш
33%
Крымский хан совершавший походы на Русь при Иване IV. Самый известный был совершен в 1571 году на Москву. Дивлет Гирей
33%
Сибирский хан, главный противник Ермака Тимофеевича Кучум
33%
Тюрко-монгольский завоеватель, основавший империю на территории современного Афганистана, Ирана, Месопотамии, северной Индии и Центральной Азии (Имя, фамилия). Тимур Тамерлан
33%
Хан Золотой Орды, правивший в период «Великой замятни» (1377-1380). Участник битвы на Пьяне. Арапша
33%
Военачальник Золотой Орды,участник битвы на Воже. Бегич
33%
Персонаж «Повести о разорении Рязани Батыем», защитник города (Имя, прозвище). Евпатий Коловрат
33%
Князь Козельский и Черниговский,погибший в битве на Калке. Мстислав Святославич
33%
Владимирский воевода, глава обороны Москвы во время её обороны от Батыя (Имя, прозвище). Филипп Нянка
33%
Воевода Ивана Васильевича IV. Участниквзятия Казани, руководитель сооружения "гуляй-города" в ходе битвы при Молодях. Михаил Воротынский
33%
Великий князь Владимирский, первыйиз всех князей получивший ярлык на княжение (Имя, отчество). Ярослав Всеволодович
33%
Брат Александра Невского, на которогобыла отправлена Неврюева рать (Имя, отчество). Андрей Ярославич
33%
Митрополит Киевский, воспитательДмитрия Ивановича. Вылечил вдову хана Узбека Тайдулу. Алексий
33%
Место смерти Святослава Игоревича Днепровские пороги
33%
Битва на Каяле 1185
33%
Сожжение Рязани (месяц, год) декабрь 1237
33%
Сожжение Владимира (месяц, год) февраль 1238
33%
Взятие Киева Батыем 1240
33%
Сретение Владимирской иконы Божиейматери. 1395
33%
Убийство Святослава Игоревича 972
33%
Древнерусское литературное произведение XV века, посвящённое Куликовской битве. Сказание о Мамаевом побоище
33%
Внук Чингисхана, вступил на престол при помощи Батыя. Завоеватель Ирака и Сирии Мунке
0%
Беклярбек, вместе с галицко-волынскими князьями совершил поход на литовские земли в 1277 году. Был союзником Льва Даниловича
(сын Данила Галицкого)
Ногай
0%
Приближенный хана Узбека, участник Бортеневской битвы 1317 года Кавгадый
0%
Хан Золотой Орды, третий сын Узбека, присоединил Азербайджан. Джанибек
0%
Беклярбек Золотой Орды в конце XIV - начале XV веков. Основатель династии, возглавившей Ногайскую Орду. Едигей
0%
Последний крымский хан, в 1783 году подписавший отречение от престола Шахин-Гирей
0%
Великий князь Киевский, погибший в битве на Калке. Получил прозвище "Старый". (Имя, отчество) Мстислав Романович
0%
Куремсина рать 1252–1255
0%
No matching quizzes found
Score Distribution
Percent of People with Each Score
Percentile by Number Answered
Your Score History
You have not taken this quiz since the last reset